=LDR 00000nam 2200000 4500 =001 INLIS000000000013568 =005 20130612104936 =008 ***********************************Ind** =035 ##$$0010-061300000013568 =041 ##$$a Ind =082 ##$$a 372.2 =090 ##$$a 372.2, Nov a =100 ##$$a Novi =245 ##$$a Asyik bermain dan belajar, Novi =260 ##$$a 2003 $b Jakarta =300 ##$$a 32 hlm, Ilus, 28 cm =650 ##$$a Taman kanak-kanak =850 ##$$a NBPNMAT